000 00634cam a2200205 4500500
005 20260329002224.0
041 _afre
042 _adc
100 1 0 _aLacroix, Alexandre
_eauthor
245 0 0 _aPeter Handke : “Le monde actuel ressemble à un roman de chevalerie”
260 _c2011.
500 _a100
690 _aLittérature
690 _aPeter Handke
690 _aUrbain
690 _aVérité
690 _aVoyage
786 0 _nPhilosophie magazine | 51 | 7 | 2011-07-01 | p. 29-30 | 1951-1787
856 4 1 _uhttps://shs.cairn.info/magazine-philosophie-magazine-2011-7-page-29?lang=fr&redirect-ssocas=7080
999 _c1812890
_d1812890